| 000 | 00401nam a2200169Ia 4500 | ||
|---|---|---|---|
| 003 | STCL | ||
| 008 | 181203s9999 xx 000 0 und d | ||
| 020 | _a9789325978584 | ||
| 040 |
_aSTCL _bEN _cSTCL |
||
| 082 | _222 | ||
| 100 | _aKhurana, Rohit | ||
| 245 | 0 | _aElectromagnetic Field Theory | |
| 260 |
_bVikas Publishing House _aNoida _c2014 |
||
| 300 | _a511 | ||
| 546 | _aEnglish | ||
| 942 |
_2ddc _cBK |
||
| 999 |
_c86096 _d86096 |
||